UM Logo

Health science fundamentals: (Record no. 3472)

MARC details
000 -LEADER
fixed length control field 00647nam a2200181 4500
008 - FIXED-LENGTH DATA ELEMENTS--GENERAL INFORMATION
fixed length control field 160716b xxu||||| |||| 00| 0 eng d
020 ## - INTERNATIONAL STANDARD BOOK NUMBER
International Standard Book Number 9780136059929
082 ## - DEWEY DECIMAL CLASSIFICATION NUMBER
Edition number 2009
Classification number DC 610.690973
Item number B14
100 ## - MAIN ENTRY--PERSONAL NAME
9 (RLIN) 11578
Personal name Badasch, Shirley A.
245 ## - TITLE STATEMENT
Title Health science fundamentals:
Remainder of title exploring career pathways/
Statement of responsibility, etc. Shirley A. Badasch and Doreen S. Chesebro.
260 ## - PUBLICATION, DISTRIBUTION, ETC. (IMPRINT)
Place of publication, distribution, etc. New Jersey:
Name of publisher, distributor, etc. Pearson Education, Inc.,
Date of publication, distribution, etc. c2009.
300 ## - PHYSICAL DESCRIPTION
Extent xxviii, 931 pages:
Other physical details color illustrations;
Dimensions 28 cm.
500 ## - GENERAL NOTE
General note Includes glossary and index.<br/>
650 #0 - SUBJECT ADDED ENTRY--TOPICAL TERM
9 (RLIN) 11582
Topical term or geographic name as entry element Health
700 ## - ADDED ENTRY--PERSONAL NAME
9 (RLIN) 11583
Personal name Chesebro, Doreen S.
Relator term Author
365 ## - TRADE PRICE
Price type code Php
Price amount 8436.00
942 ## - ADDED ENTRY ELEMENTS (KOHA)
Source of classification or shelving scheme Dewey Decimal Classification
Koha item type Circulation
Holdings
Withdrawn status Lost status Source of classification or shelving scheme Damaged status Not for loan Collection code Home library Current library Date acquired Source of acquisition Total Checkouts Full call number Barcode Date last seen Price effective from Koha item type
    Dewey Decimal Classification     Circulation UM Digos College - LIC UM Digos College - LIC 09/24/2010 Purchased   DC 610.690973 B14 2009 20993 05/15/2025 07/16/2016 Circulation